[Event "Utrecht OKU op 50th"]
[Site "Utrecht"]
[Date "2025.06.01"]
[Round "6"]
[White "Smeets, Kobe"]
[Black "Zhu, Chenwu"]
[Result "0-1"]
[WhiteElo "2347"]
[BlackElo "2156"]
[PlyCount "64"]
[EventDate "2025.05.30"]
[EventType "swiss"]
[EventRounds "6"]
[EventCountry "NED"]
[SourceTitle "CB23_2025"]
[SourceDate "2025.06.04"]
[SourceVersion "1"]
[SourceVersionDate "2025.06.04"]
[SourceQuality "1"]

1. e4 c5 2. Nf3 d6 3. d4 cxd4 4. Nxd4 Nf6 5. Nc3 a6 6. Be3 e5 7. Nf3 Be7 8. Nd2 b5 9. a4 b4 10. Nd5 Nxd5 11. exd5 0-0 12. a5 Nd7 13. Nc4 f5 14. Be2 Kh8 15. f3 Bh4+ 16. g3 f4 17. Bf2 e4 18. fxe4 Bg5 19. Nxd6 Qf6 20. Nxc8 fxg3 21. Bxg3 Qxb2 22. Bd3 Raxc8 23. Rb1 Qc3+ 24. Ke2 Qd4 25. Qe1 Qe3+ 26. Kd1 Qf3+ 27. Be2 Qxe4 28. Bd3 Qf3+ 29. Be2 Qxd5+ 30. Bd3 Rxc2 31. Kxc2 Rc8+ 32. Kb2 Bf6+ 0-1

[Event "Amsterdam Science Park op-A"]
[Site "Amsterdam"]
[Date "2024.07.14"]
[Round "2"]
[White "Zhu, Chenwu"]
[Black "Weber, Samuel"]
[Result "0-1"]
[WhiteElo "2107"]
[BlackElo "2220"]
[PlyCount "164"]
[EventDate "2024.07.13"]
[EventType "swiss"]
[EventRounds "9"]
[EventCountry "NED"]
[SourceTitle "CBM 221 Extra"]
[Source "ChessBase"]
[SourceDate "2024.09.30"]
[SourceVersion "1"]
[SourceVersionDate "2024.09.30"]
[SourceQuality "1"]

1. e4 c6 2. d4 d5 3. Nd2 dxe4 4. Nxe4 Nf6 5. Nxf6+ exf6 6. c3 Bd6 7. Bd3 0-0 8. Ne2 Re8 9. Qc2 h5 10. 0-0 h4 11. h3 Nd7 12. Be3 Nf8 13. c4 Bd7 14. Rfe1 Rc8 15. Rad1 Qa5 16. Kf1 Re7 17. Bd2 Qd8 18. b4 Bb8 19. Nf4 Rxe1+ 20. Rxe1 b5 21. c5 Be6 22. Ne2 Qd7 23. Be4 f5 24. Bd3 Nh7 25. Bf4 Bxf4 26. Nxf4 Qxd4 27. Nxe6 fxe6 28. Rxe6 Ng5 29. Bxf5 Rf8 30. Rd6 Qe5 31. Bg6 Qh2 32. Qb3+ Kh8 33. Qe3 Qh1+ 34. Ke2 Qxg2 35. Qf4 Kg8 36. Qxh4 Qf3+ 37. Kd2 Qg2 38. Kc3 Qg1 39. Qg4 Qc1+ 40. Kd3 Nf3 41. Qe6+ Kh8 42. Qf5 Qd2+ 43. Ke4 Qe2+ 44. Kf4 Rxf5+ 45. Bxf5 g5+ 46. Kg4 Ne5+ 47. Kxg5 Nf7+ 48. Kf6 Nxd6 49. cxd6 Qe8 50. d7 Qd8+ 51. Kf7 a5 52. bxa5 c5 53. a6 c4 54. a7 c3 55. Ke6 Qa8 56. Kd6 Kg7 57. Be4 Qxe4 58. d8Q Qd4+ 59. Kc7 Qxa7+ 60. Kc6 Qa6+ 61. Kc5 Qf6 62. Qc7+ Kh6 63. Kb4 Qd4+ 64. Kxb5 Qd3+ 65. Ka4 c2 66. Qf4+ Kg6 67. h4 Qc3 68. Qc1 Qc4+ 69. Ka3 Qc3+ 70. Ka4 Kf5 71. h5 Qc4+ 72. Ka3 Qc3+ 73. Ka4 Qd3 74. Qh6 Qc4+ 75. Ka5 Qc5+ 76. Ka6 c1Q 77. Qg6+ Ke5 78. Qg7+ Ke4 79. Qg2+ Kd3 80. Qf3+ Kc2 81. Qe4+ Kb2 82. Qe2+ Ka1 0-1

[Event "Hilversum op"]
[Site "Hilversum"]
[Date "2024.06.22"]
[Round "3"]
[White "Zhu, Chenwu"]
[Black "Van Foreest, Machteld"]
[Result "0-1"]
[WhiteElo "2049"]
[BlackElo "2312"]
[PlyCount "42"]
[EventDate "2024.06.21"]
[EventType "swiss"]
[EventRounds "6"]
[EventCountry "NED"]
[SourceTitle "CBM 220 Extra"]
[Source "ChessBase"]
[SourceDate "2024.07.31"]
[SourceVersion "1"]
[SourceVersionDate "2024.07.31"]
[SourceQuality "1"]

1. e4 c6 2. d4 d5 3. Nc3 dxe4 4. Nxe4 Nf6 5. Nxf6+ exf6 6. c3 Bd6 7. Bd3 0-0 8. Qc2 c5 9. dxc5 Bxc5 10. Ne2 g6 11. Bh6 Re8 12. 0-0-0 Qc7 13. Nf4 Bf8 14. Nxg6 Bxh6+ 15. f4 hxg6 16. Bxg6 Nc6 17. g4 Be6 18. g5 Qxf4+ 19. Kb1 fxg6 20. Qxg6+ Bg7 21. Rhf1 Qxg5 0-1

[Event "Hoorn Romero op"]
[Site "Hoorn"]
[Date "2022.08.27"]
[Round "2"]
[White "Zhu, Chenwu"]
[Black "Tabak, Stefan"]
[Result "0-1"]
[WhiteElo "2010"]
[BlackElo "2181"]
[PlyCount "104"]
[EventDate "2022.08.26"]
[EventType "swiss"]
[EventRounds "6"]
[EventCountry "NED"]
[SourceTitle "EXT 2023"]
[Source "ChessBase"]
[SourceDate "2022.10.05"]
[SourceVersion "1"]
[SourceVersionDate "2022.10.05"]
[SourceQuality "1"]

1. e4 c5 2. Nf3 Nc6 3. d4 cxd4 4. Nxd4 e5 5. Nb5 d6 6. N1c3 a6 7. Na3 Be6 8. Nd5 Bxd5 9. Qxd5 Nf6 10. Qd3 d5 11. exd5 Qxd5 12. Qxd5 Nxd5 13. Bc4 0-0-0 14. 0-0 Bc5 15. Bb3 Nd4 16. Re1 f6 17. Bd2 Nxb3 18. axb3 Rd7 19. Nc4 Kc7 20. Kf1 Nb4 21. Bxb4 Bxb4 22. Red1 Rhd8 23. Rxd7+ Rxd7 24. c3 Bf8 25. Ke2 g6 26. b4 Bh6 27. Rd1 Rxd1 28. Kxd1 b5 29. Na5 Bf8 30. Kd2 Kd6 31. b3 Be7 32. c4 f5 33. Kc3 e4 34. Kd4 Bf6+ 35. Ke3 Bc3 36. Nb7+ Kc6 37. Nd8+ Kd7 38. Nf7 bxc4 39. bxc4 Ke7 40. Ng5 h6 41. Nh3 Bxb4 42. Nf4 Bc5+ 43. Ke2 g5 44. Nd5+ Kd6 45. f3 Ke5 46. Nc7 a5 47. Nb5 a4 48. g4 fxg4 49. fxe4 a3 50. Nc3 Kd4 51. Na2 Kxc4 52. Nc1 Bd6 0-1